[Event "San Sebastian Gros op 26th"]
[Site "San Sebastian"]
[Date "2016.06.24"]
[Round "1"]
[White "Darrigues, Alain"]
[Black "Teske, Henrik"]
[Result "0-1"]
[WhiteElo "1865"]
[BlackElo "2483"]
[PlyCount "72"]
[EventDate "2016.06.24"]
[EventType "swiss"]
[EventRounds "9"]
[EventCountry "ESP"]
[SourceTitle "EXT 2017"]
[Source "ChessBase"]
[SourceDate "2016.10.25"]
[SourceVersion "1"]
[SourceVersionDate "2016.10.25"]
[SourceQuality "1"]

1. d4 Nf6 2. c4 e5 3. dxe5 Ng4 4. Nf3 Bc5 5. e3 Nc6 6. a3 a5 7. Nc3 Ncxe5 8. Nxe5 Nxe5 9. Be2 0-0 10. 0-0 Re8 11. b3 Ra6 12. Nd5 Rh6 13. b4 Ba7 14. e4 Rh4 15. Qc2 c6 16. Ne3 d6 17. Bd2 Ng6 18. Bf3 Qf6 19. Nf5 Bxf5 20. exf5 Ne5 21. Be2 Bd4 22. Rab1 axb4 23. axb4 g6 24. g3 Ng4 25. Bxg4 Rxg4 26. Be3 Qxf5 27. Qxf5 gxf5 28. Bxd4 Rxd4 29. Rfd1 Ree4 30. b5 Kg7 31. Rxd4 Rxd4 32. bxc6 bxc6 33. Rc1 Kf6 34. Rc2 Ke5 35. Re2+ Re4 36. Rd2 Rxc4 0-1

[Event "San Sebastian Gros op 25th"]
[Site "San Sebastian"]
[Date "2015.07.02"]
[Round "8"]
[White "Darrigues, Alain"]
[Black "Etchegaray, Patrice"]
[Result "0-1"]
[WhiteElo "1891"]
[BlackElo "2397"]
[PlyCount "50"]
[EventDate "2015.06.26"]
[EventType "swiss"]
[EventRounds "9"]
[EventCountry "ESP"]
[SourceTitle "CBM 167 Extra"]
[Source "ChessBase"]
[SourceDate "2015.09.14"]
[SourceVersion "1"]
[SourceVersionDate "2015.09.14"]
[SourceQuality "1"]

1. d4 Nf6 2. c4 e6 3. Nc3 Bb4 4. e3 d5 5. Bd3 e5 6. dxe5 dxc4 7. Qa4+ Nc6 8. Bxc4 Ne4 9. Nge2 Nc5 10. Qc2 Nxe5 11. 0-0 Nxc4 12. a3 Bxc3 13. Qxc3 Be6 14. Qxg7 Rf8 15. Nf4 Qd6 16. b4 Nb3 17. Rb1 Nxc1 18. Rbxc1 0-0-0 19. Qc3 b5 20. a4 a6 21. axb5 axb5 22. g3 Rg8 23. Qa1 Kb7 24. Rfd1 Qxb4 25. Qf6 Qb2 0-1

[Event "FRA-ch Seniors"]
[Site "Pau"]
[Date "2012.08.23"]
[Round "9"]
[White "Darrigues, Alain"]
[Black "Mercier, Pierre"]
[Result "1-0"]
[WhiteElo "1955"]
[BlackElo "1790"]
[PlyCount "59"]
[EventDate "2012.08.14"]
[EventType "swiss"]
[EventRounds "11"]
[EventCountry "FRA"]
[SourceTitle "EXT 2013"]
[Source "ChessBase"]
[SourceDate "2012.11.22"]
[SourceVersion "1"]
[SourceVersionDate "2012.11.22"]
[SourceQuality "1"]

1. d4 d5 2. c4 e6 3. Nc3 Nf6 4. cxd5 exd5 5. Bg5 Be7 6. Qc2 Nbd7 7. e3 0-0 8. Bd3 c6 9. Nf3 Re8 10. 0-0 Nf8 11. Rab1 a5 12. a3 Ne4 13. Bf4 g5 14. Be5 f6 15. Bg3 Nxc3 16. Qxc3 Ng6 17. Qc2 Kg7 18. Rbe1 Be6 19. h4 Bg4 20. hxg5 Bxf3 21. gxf6+ Bxf6 22. Bxg6 hxg6 23. gxf3 Rh8 24. Kg2 Qd7 25. Rh1 Qe7 26. Reg1 Bh4 27. Be5+ Bf6 28. Kf1 Qf7 29. Bxf6+ Qxf6 30. Rxg6+ 1-0

[Event "San Sebastian Primavera de Gros op 8th"]
[Site "San Sebastian"]
[Date "2012.05.05"]
[Round "3"]
[White "Darrigues, Alain"]
[Black "Argandona Riveiro, Inigo"]
[Result "0-1"]
[WhiteElo "1975"]
[BlackElo "2388"]
[PlyCount "80"]
[EventDate "2012.04.21"]
[EventType "swiss"]
[EventRounds "7"]
[EventCountry "ESP"]
[SourceTitle "EXT 2014"]
[Source "ChessBase"]
[SourceDate "2013.11.20"]
[SourceVersion "1"]
[SourceVersionDate "2013.11.20"]
[SourceQuality "1"]

1. d4 d5 2. c4 e6 3. Nc3 c6 4. cxd5 exd5 5. Bf4 Bg4 6. Qb3 Qb6 7. Qxb6 axb6 8. f3 Be6 9. e4 Nf6 10. Bd3 b5 11. Nge2 dxe4 12. fxe4 b4 13. Nd1 Nbd7 14. Nc1 Be7 15. 0-0 0-0 16. Ne3 Nh5 17. Ne2 Rxa2 18. Rxa2 Nxf4 19. Ra7 Nxd3 20. Rxb7 Bg5 21. Nf5 c5 22. d5 Bxf5 23. Rxf5 Be3+ 24. Kf1 N7e5 25. g3 f6 26. Rh5 Nxb2 27. Nf4 Bxf4 28. gxf4 Ng6 29. d6 Nd3 30. f5 Ngf4 31. Rh4 Ra8 32. Rxf4 Nxf4 33. Rc7 Rd8 34. d7 Kf7 35. Rxc5 Rxd7 36. Rb5 Nd3 37. Ke2 b3 38. Kd2 Nc5+ 39. Kc1 b2+ 40. Kxb2 Rb7 0-1

[Event "San Sebastian Primavera de Gros op 8th"]
[Site "San Sebastian"]
[Date "2012.04.21"]
[Round "1"]
[White "Darrigues, Alain"]
[Black "Sanchez Merino, Christian"]
[Result "1-0"]
[WhiteElo "1975"]
[BlackElo "1601"]
[PlyCount "55"]
[EventDate "2012.04.21"]
[EventType "swiss"]
[EventRounds "7"]
[EventCountry "ESP"]
[SourceTitle "EXT 2014"]
[Source "ChessBase"]
[SourceDate "2013.11.20"]
[SourceVersion "1"]
[SourceVersionDate "2013.11.20"]
[SourceQuality "1"]

1. d4 g6 2. c4 Bg7 3. Nc3 Nf6 4. e4 d6 5. Be2 0-0 6. Nf3 Nbd7 7. 0-0 e5 8. Re1 Re8 9. Bf1 a6 10. Rb1 exd4 11. Nxd4 Nc5 12. f3 Nh5 13. Be3 Be5 14. Bf2 Qg5 15. Nd5 Nf4 16. Nxf4 Qxf4 17. g3 Qh6 18. b4 Ne6 19. f4 Nxf4 20. gxf4 Bxf4 21. Bg3 Be3+ 22. Kh1 Rxe4 23. Qf3 f5 24. Nc2 f4 25. Qxe4 fxg3 26. Qg2 Bd7 27. Nxe3 Bc6 28. Nd5 1-0

[Event "San Sebastian op 33rd"]
[Site "San Sebastian"]
[Date "2010.03.30"]
[Round "3"]
[White "Darrigues, Alain"]
[Black "Acosta Garcia, Alfonso Carlos"]
[Result "0-1"]
[WhiteElo "1997"]
[BlackElo "2327"]
[PlyCount "106"]
[EventDate "2010.03.28"]
[EventType "swiss"]
[EventRounds "9"]
[EventCountry "ESP"]
[SourceTitle "CBM 135 Extra"]
[Source "ChessBase"]
[SourceDate "2010.05.04"]
[SourceVersion "1"]
[SourceVersionDate "2010.05.04"]
[SourceQuality "1"]

1. d4 d5 2. c4 c6 3. Nf3 Nf6 4. cxd5 cxd5 5. Bf4 Qb6 6. Qc2 Nc6 7. e3 Bf5 8. Qb3 Qxb3 9. axb3 e6 10. Bb5 Bb4+ 11. Nc3 Ne4 12. 0-0 f6 13. Bxc6+ bxc6 14. Rfc1 g5 15. Bg3 Kd7 16. Ra6 Nxg3 17. hxg3 Bd3 18. Ra4 a5 19. Ne1 Bg6 20. Kf1 Rhb8 21. Nc2 Bxc3 22. bxc3 Bxc2 23. Rxc2 Rxb3 24. Ke2 Kc7 25. Kd2 Kb6 26. Rca2 Rb5 27. Kc2 c5 28. dxc5+ Rxc5 29. Rb2+ Rb5 30. Rba2 Rc8 31. Ra1 Rc4 32. R4a3 h5 33. Rh1 h4 34. gxh4 Rxh4 35. Rxh4 gxh4 36. Ra4 Kc5 37. Rxh4 Rb8 38. Rf4 f5 39. g4 fxg4 40. Rxg4 Rf8 41. f4 a4 42. Rg7 Ra8 43. Kb2 a3+ 44. Ka2 Kc4 45. Rc7+ Kd3 46. Rc6 Re8 47. Rc5 Kxe3 48. f5 exf5 49. Rxd5 Rf8 50. Kxa3 f4 51. Kb3 f3 52. Kc2 f2 53. Rd3+ Ke4 0-1

[Event "San Sebastian op 33rd"]
[Site "San Sebastian"]
[Date "2010.03.29"]
[Round "2"]
[White "Hernandez Sanchez, Elvis de la Caridad"]
[Black "Darrigues, Alain"]
[Result "1/2-1/2"]
[WhiteElo "2277"]
[BlackElo "1997"]
[PlyCount "109"]
[EventDate "2010.03.28"]
[EventType "swiss"]
[EventRounds "9"]
[EventCountry "ESP"]
[SourceTitle "CBM 135 Extra"]
[Source "ChessBase"]
[SourceDate "2010.05.04"]
[SourceVersion "1"]
[SourceVersionDate "2010.05.04"]
[SourceQuality "1"]

1. e4 c5 2. Nf3 Nc6 3. c3 Nf6 4. e5 Nd5 5. d4 cxd4 6. Bc4 Nb6 7. Bb3 d6 8. exd6 Qxd6 9. 0-0 d3 10. Ng5 e6 11. Qh5 Nd8 12. Nxh7 Rg8 13. Ng5 Be7 14. Qh7 Kf8 15. Rd1 f5 16. Qh3 Bxg5 17. Bxg5 Nf7 18. Be3 f4 19. Bxb6 Qxb6 20. Qxd3 Rh8 21. Nd2 Ne5 22. Qe4 Rh5 23. Nc4 Nxc4 24. Bxc4 Rf5 25. Rd2 Qc6 26. Qxc6 bxc6 27. Rd8+ Ke7 28. Rad1 Rf8 29. R8d6 Rb8 30. Rxc6 Rxb2 31. Bb3 a6 32. Rcd6 Rh8 33. R6d2 Rxd2 34. Rxd2 Bd7 35. Re2 Rc8 36. Rc2 a5 37. Rc1 a4 38. Bd1 Rb8 39. Kf1 Rb2 40. Rc2 Rb1 41. Ke2 a3 42. c4 Bc6 43. f3 e5 44. Rd2 e4 45. fxe4 Bxe4 46. Bc2 Bxc2 47. Rxc2 Kd6 48. Kd3 Kc5 49. Rc3 Rb2 50. Rxa3 Rxg2 51. Ra5+ Kd6 52. a4 Rxh2 53. Rf5 Ra2 54. a5 f3 55. Rxf3 1/2-1/2

[Event "Creon op 14th"]
[Site "Creon"]
[Date "2009.07.30"]
[Round "6"]
[White "Darrigues, Alain"]
[Black "Doncea, Vladimir"]
[Result "0-1"]
[WhiteElo "2045"]
[BlackElo "2460"]
[PlyCount "60"]
[EventDate "2009.07.27"]
[EventType "swiss"]
[EventRounds "9"]
[EventCountry "FRA"]
[SourceTitle "CBM 131 Extra"]
[Source "ChessBase"]
[SourceDate "2009.09.03"]
[SourceVersion "2"]
[SourceVersionDate "2009.09.16"]
[SourceQuality "1"]

1. d4 d5 2. c4 e5 3. dxe5 d4 4. Nf3 Nc6 5. g3 Nge7 6. Bg2 Ng6 7. Bf4 Nxf4 8. gxf4 Be7 9. Nbd2 Be6 10. a3 h6 11. h4 a5 12. b3 Qd7 13. Ne4 a4 14. bxa4 Bxc4 15. Rc1 Na5 16. Qxd4 Qxd4 17. Nxd4 Bxa3 18. Rxc4 Nxc4 19. 0-0 Rxa4 20. Nb5 c6 21. Nxa3 Rxa3 22. Rc1 b5 23. Nc5 Na5 24. Rd1 0-0 25. e3 b4 26. Be4 b3 27. Rb1 Rb8 28. e6 fxe6 29. Nxe6 b2 30. Nd4 Ra1 0-1

[Event "Creon op 14th"]
[Site "Creon"]
[Date "2009.07.28"]
[Round "2"]
[White "Darrigues, Alain"]
[Black "Brunner, Nicolas"]
[Result "0-1"]
[WhiteElo "2045"]
[BlackElo "2421"]
[PlyCount "90"]
[EventDate "2009.07.27"]
[EventType "swiss"]
[EventRounds "9"]
[EventCountry "FRA"]
[SourceTitle "CBM 131 Extra"]
[Source "ChessBase"]
[SourceDate "2009.09.03"]
[SourceVersion "2"]
[SourceVersionDate "2009.09.16"]
[SourceQuality "1"]

1. d4 Nf6 2. c4 e6 3. Nc3 Bb4 4. e3 c5 5. Bd3 Nc6 6. Nf3 Bxc3+ 7. bxc3 d6 8. 0-0 e5 9. Nd2 0-0 10. Bb2 Qe7 11. Qc2 Re8 12. Rae1 e4 13. Be2 Bf5 14. Ba3 b6 15. Bd1 Qd7 16. Qc1 Re7 17. Ba4 Qc7 18. Qb1 Bg6 19. Qb5 Na5 20. Rb1 Bf5 21. Qb2 Be6 22. d5 Bf5 23. Rbe1 Ng4 24. Qb1 Ne5 25. Bc2 Naxc4 26. Nxc4 Nxc4 27. Bc1 Qb7 28. Rd1 b5 29. f3 Rae8 30. a4 a6 31. axb5 axb5 32. g4 Bg6 33. f4 f5 34. h3 h5 35. Kf2 fxg4 36. hxg4 hxg4 37. Rg1 Bf5 38. Rg3 Kf7 39. Bb3 Nb6 40. Bb2 c4 41. Bc2 Nxd5 42. Qc1 Rh8 43. Bb1 Nxf4 44. Rxd6 Nd3+ 45. Bxd3 exd3 0-1

[Event "Pau op"]
[Site "Pau"]
[Date "2009.02.26"]
[Round "6"]
[White "Darrigues, Alain"]
[Black "Fejzovski, Ekrem"]
[Result "0-1"]
[WhiteElo "2012"]
[BlackElo "2063"]
[PlyCount "136"]
[EventDate "2009.02.24"]
[EventType "swiss"]
[EventRounds "9"]
[EventCountry "FRA"]
[SourceTitle "CBM 129 Extra"]
[Source "ChessBase"]
[SourceDate "2009.05.05"]
[SourceVersion "2"]
[SourceVersionDate "2009.05.20"]
[SourceQuality "1"]

1. d4 f5 2. e4 fxe4 3. Nc3 Nf6 4. Bg5 g6 5. h4 d5 6. h5 Rg8 7. h6 a6 8. Qd2 Nc6 9. 0-0-0 Bf5 10. Nh3 Qd7 11. Nf4 Be6 12. f3 0-0-0 13. Na4 Qd6 14. Nc5 Bf5 15. Qc3 Nxd4 16. Qxd4 e5 17. Qb4 Qc6 18. Qxb7+ Qxb7 19. Nxb7 Re8 20. Bxa6 exf4 21. Bxf6 Kb8 22. Rxd5 Re6 23. Rd8+ Ka7 24. Bc4 Rxf6 25. Bxg8 Kxb7 26. Bd5+ Kb6 27. fxe4 Bg4 28. Kd2 Bh5 29. Rh3 Bxh6 30. Rb3+ Kc5 31. Kd3 c6 32. Rc3+ Kb6 33. Bxc6 Rxc6 34. Rxc6+ Kxc6 35. Rd5 g5 36. a4 Bg6 37. Rd4 Bg7 38. Rc4+ Kb6 39. b4 g4 40. Ke2 Be8 41. a5+ Kb7 42. Rc5 Bd4 43. Rf5 Be3 44. g3 Bg6 45. Re5 Bc1 46. Re6 fxg3 47. Kf1 Bd2 48. Rb6+ Kc7 49. Kg2 Bf4 50. Re6 Kd7 51. Rxg6 hxg6 52. c4 Bd2 53. Kxg3 Bxb4 54. Kxg4 Ke6 55. Kg5 Kf7 56. a6 Bd2+ 57. Kg4 Be3 58. Kf3 Bc5 59. e5 Ke6 60. Ke4 g5 61. Kf3 Kxe5 62. Kg4 Kf6 63. Kf3 Kf5 64. Kg3 g4 65. Kg2 Kf4 66. Kh2 Kf3 67. Kh1 g3 68. a7 g2+ 0-1

[Event "Pau op"]
[Site "Pau"]
[Date "2009.02.24"]
[Round "1"]
[White "Maigne, Daniel"]
[Black "Darrigues, Alain"]
[Result "0-1"]
[WhiteElo "1499"]
[BlackElo "2012"]
[PlyCount "31"]
[EventDate "2009.02.24"]
[EventType "swiss"]
[EventRounds "9"]
[EventCountry "FRA"]
[SourceTitle "CBM 129 Extra"]
[Source "ChessBase"]
[SourceDate "2009.05.05"]
[SourceVersion "2"]
[SourceVersionDate "2009.05.20"]
[SourceQuality "1"]

1. e4 c5 2. Nf3 Nc6 3. c3 Nf6 4. d3 d5 5. exd5 Nxd5 6. h3 e5 7. Be2 Be7 8. a3 0-0 9. 0-0 Bf5 10. Ne1 Qd7 11. Bf3 Rad8 12. Be4 Be6 13. c4 Nf6 14. Qc2 Nd4 15. Qd2 Nb3 16. Qg5 0-1

[Event "San Sebastian Beteranoen op"]
[Site "San Sebastian"]
[Date "2008.12.26"]
[Round "3"]
[White "Tholey, Jean Paul"]
[Black "Darrigues, Alain"]
[Result "0-1"]
[WhiteElo "1992"]
[BlackElo "2046"]
[PlyCount "76"]
[EventDate "2008.12.22"]
[EventType "swiss"]
[EventRounds "5"]
[EventCountry "ESP"]
[SourceTitle "EXT 2011"]
[Source "ChessBase"]
[SourceDate "2010.11.26"]
[SourceVersion "1"]
[SourceVersionDate "2010.11.26"]
[SourceQuality "1"]

1. d4 Nf6 2. g3 d5 3. Bg2 c6 4. Nf3 Bf5 5. c4 e6 6. Qb3 Qb6 7. Qxb6 axb6 8. b3 Bxb1 9. Rxb1 Bb4+ 10. Bd2 Bxd2+ 11. Nxd2 Rxa2 12. e4 dxe4 13. Nxe4 Nxe4 14. Bxe4 Nd7 15. 0-0 Nf6 16. Ra1 Rxa1 17. Rxa1 Ke7 18. Bg2 Rd8 19. Ra7 Rd7 20. Kf1 Ne8 21. Ke2 Nd6 22. d5 exd5 23. cxd5 cxd5 24. Bxd5 Nb5 25. Rxb7 Nc3+ 26. Kf3 Nxd5 27. Rb8 Rc7 28. Ke4 Nf6+ 29. Kd3 Nd7 30. Rh8 Nf8 31. h4 g6 32. Rg8 Rc5 33. Rg7 b5 34. g4 b4 35. h5 Rc3+ 36. Ke4 Rxb3 37. hxg6 hxg6 38. Rg8 Rh3 0-1

[Event "San Sebastian Beteranoen op"]
[Site "San Sebastian"]
[Date "2008.12.23"]
[Round "2"]
[White "Darrigues, Alain"]
[Black "Irulegi Garmendia, Jose Antonio"]
[Result "1-0"]
[WhiteElo "2046"]
[BlackElo "1613"]
[PlyCount "31"]
[EventDate "2008.12.22"]
[EventType "swiss"]
[EventRounds "5"]
[EventCountry "ESP"]
[SourceTitle "EXT 2011"]
[Source "ChessBase"]
[SourceDate "2010.11.26"]
[SourceVersion "1"]
[SourceVersionDate "2010.11.26"]
[SourceQuality "1"]

1. d4 e5 2. dxe5 Nc6 3. Nf3 Qe7 4. Nc3 Nxe5 5. e4 Nxf3+ 6. Qxf3 d6 7. Be3 Nf6 8. h3 g6 9. Bd3 Bg7 10. 0-0-0 0-0 11. Rhe1 Re8 12. Kb1 a6 13. Bg5 h6 14. Nd5 Qd7 15. Bxf6 Rb8 16. Bxg7 1-0

[Event "San Sebastian op 18th"]
[Site "San Sebastian"]
[Date "2008.09.21"]
[Round "2"]
[White "Simutowe, Amon"]
[Black "Darrigues, Alain"]
[Result "1-0"]
[WhiteElo "2458"]
[BlackElo "2012"]
[PlyCount "71"]
[EventDate "2008.09.20"]
[EventType "swiss"]
[EventRounds "9"]
[EventCountry "ESP"]
[SourceTitle "CBM 126 Extra"]
[Source "ChessBase"]
[SourceDate "2008.11.05"]
[SourceVersion "1"]
[SourceVersionDate "2008.11.05"]
[SourceQuality "1"]

1. c4 e5 2. Nc3 Nc6 3. g3 g6 4. Bg2 Bg7 5. Rb1 a5 6. a3 Nf6 7. e3 d6 8. Nge2 Bf5 9. d3 Qd7 10. h3 h5 11. Nd5 0-0 12. Nec3 Rfb8 13. b4 axb4 14. axb4 Kf8 15. b5 Ne7 16. e4 Be6 17. b6 Bxd5 18. bxc7 Qxc7 19. exd5 Nf5 20. Nb5 Qc5 21. 0-0 Ra2 22. Nc3 Ra6 23. Bg5 Nh7 24. Ne4 Qd4 25. Bc1 Kg8 26. g4 hxg4 27. hxg4 Bh6 28. gxf5 Bxc1 29. fxg6 fxg6 30. Qxc1 Qxd3 31. Rd1 Qa3 32. Qh6 Nf8 33. c5 dxc5 34. d6 c4 35. Nc5 Kf7 36. Bd5+ 1-0